El Sistema Monetario Europeo como opción para la política económica española / (Record no. 13778)

MARC details
000 -LEADER
campo de control de longitud fija 00929nam a2200253 i 4500
001 - NÚMERO DE CONTROL
campo de control 13778
003 - IDENTIFICADOR DE NÚMERO DE CONTROL
campo de control ES-MaACL
005 - FECHA Y HORA DE LA ÚLTIMA TRANSACCIÓN
campo de control 20230906150648.0
007 - CAMPO FIJO DE DESCRIPCIÓN FÍSICA--INFORMACIÓN GENERAL
campo de control de longitud fija t|
008 - DATOS DE LONGITUD FIJA--INFORMACIÓN GENERAL
campo de control de longitud fija 900319s1988 sp |||| | spa j
080 ## - NÚMERO DE LA CLASIFICACIÓN DECIMAL UNIVERSAL
Número de la Clasificación Decimal Universal 336.74(4-672 CE)
080 ## - NÚMERO DE LA CLASIFICACIÓN DECIMAL UNIVERSAL
Número de la Clasificación Decimal Universal 338.23(460)"1982/...":336.74
245 03 - MENCIÓN DEL TÍTULO
Título El Sistema Monetario Europeo como opción para la política económica española /
Mención de responsabilidad, etc. [Antonio Argandoña ... (et al.)].
260 ## - PUBLICACIÓN, DISTRIBUCIÓN, ETC.
Lugar de publicación, distribución, etc. Madrid :
Nombre del editor, distribuidor, etc. Círculo de Empresarios,
Fecha de publicación, distribución, etc. D.L. 1988.
300 ## - DESCRIPCIÓN FÍSICA
Extensión 370 p :
Otras características físicas gráf ;
Dimensiones 22 cm.
490 1# - MENCIÓN DE SERIE
Mención de serie Publicaciones monográficas,
Número Internacional Normalizado para Publicaciones Seriadas ISSN 0213-7445 ;
Designación de volumen o secuencia v. 4
650 14 - PUNTO DE ACCESO ADICIONAL DE MATERIA--TÉRMINO DE MATERIA
Término de materia o nombre geográfico como elemento de entrada Sistema monetario europeo.
9 (RLIN) 17131
651 #4 - PUNTO DE ACCESO ADICIONAL DE MATERIA--NOMBRE GEOGRÁFICO
Nombre geográfico España-
Subdivisión general Política monetaria-
Subdivisión cronológica 1982-1996.
9 (RLIN) 8437
700 1# - ENTRADA AGREGADA--NOMBRE PERSONAL
Nombre de persona Argandoña, Antonio.
9 (RLIN) 22680
710 2# - ENTRADA AGREGADA--NOMBRE DE ENTIDAD CORPORATIVA
Nombre de entidad corporativa o nombre de jurisdicción como elemento de entrada Círculo de Empresarios.
9 (RLIN) 2821
830 0# - PUNTO DE ACCESO ADICIONAL DE SERIE-TÍTULO UNIFORME
Título uniforme Publicaciones monográficas,
Número Internacional Normalizado para Publicaciones Seriadas ISSN 0213-7445 ;
Designación de volumen o secuencia v. 4
9 (RLIN) 179530
852 ## - LOCALIZACIÓN
Ubicación ES-MaACL
Número de control de estantería L-21105
Holdings
Estatus retirado Estado de pérdida Estado de daño No para préstamo Biblioteca de origen Biblioteca actual Ubicación en estantería Fecha de adquisición Fuente de adquisición Total de préstamos Signatura topográfica completa Código de barras Visto por última vez Precio de reemplazo Tipo de ítem Koha
        Biblioteca del Ateneo de Madrid Biblioteca del Ateneo de Madrid Depósito 2 17/01/2008     L-21105 1014022 23/02/2023 23/02/2023 Libro impreso